| Tag |
First Indicator |
Second Indicator |
Subfields |
| LEADER |
00000cam a22000003i 4500 |
| 001 |
in00002512413 |
| 005 |
20190327174027.0 |
| 006 |
m | d | |
| 007 |
cr |n|---||||a |
| 008 |
070905s2005 vau |s ||||||| ||eng|d |
| 035 |
|
|
|a (VaAlASP)ASPPL0020433/nadr
|
| 040 |
|
|
|a VaAlASP
|d UtOrBLW
|
| 100 |
1 |
|
|a Tompkins, Frank Gerow,
|d 1879-
|
| 245 |
1 |
0 |
|a Sham /
|c by Frank Gerow Tompkins.
|
| 250 |
|
|
|a [1st electronic ed.].
|
| 264 |
|
1 |
|a Alexandria, VA :
|b Alexander Street Press,
|c 2005.
|
| 336 |
|
|
|a text
|b txt
|2 rdacontent
|
| 337 |
|
|
|a computer
|b c
|2 rdamedia
|
| 338 |
|
|
|a online resource
|b cr
|2 rdacarrier
|
| 490 |
1 |
|
|a Twentieth century North American drama
|
| 500 |
|
|
|a Title from HTML title page (viewed September 5, 2007).
|
| 506 |
|
|
|a Access restricted to subscribers.
|
| 538 |
|
|
|a Mode of access: World Wide Web.
|
| 500 |
|
|
|a Electronic resource.
|
| 655 |
|
0 |
|a Electronic books.
|
| 655 |
|
0 |
|a American drama.
|
| 830 |
|
0 |
|a Twentieth century North American drama.
|
| 856 |
4 |
0 |
|u http://proxy.library.tamu.edu/login?url=http://www.aspresolver.com/aspresolver.asp?NADR;PL020433
|z Connect to the full text of this electronic book
|t 0
|
| 999 |
|
|
|a MARS
|
| 999 |
f |
f |
|s d5424d8a-b453-37b0-a7d8-b9033c6d1e77
|i dd745ec4-de65-3828-b90f-e5547656842b
|t 0
|
| 952 |
f |
f |
|a Texas A&M University
|b College Station
|c Electronic Resources
|d Available Online
|t 0
|h No information provided
|
| 998 |
f |
f |
|t 0
|l Available Online
|